| 000 | 00933cas a2200241 4500 | ||
|---|---|---|---|
| 001 | L159088 | ||
| 008 | 120813c2010 eng u | ||
| 035 | _a(Sirsi) u159088 | ||
| 041 | 0 | _aeng | |
| 110 | 2 |
_aColliers International _95548 |
|
| 245 | 0 | 0 | _aUK Property Snapshot[electronic resource] |
| 260 |
_a[S.l.] _bColliers International _c2014 |
||
| 362 | 0 | _aQ1 2014- | |
| 490 | 0 | _aColliers International UK Property Snapshot | |
| 520 | _aProvides an brief overview of the UK retail, office, industrial and residential market sectors taking latest economic and investment trends into consideration. | ||
| 554 | _aMonthly | ||
| 650 | 2 | 4 | _aCOLLIERS INTERNATIONAL UK PROPERTY SNAPSHOT |
| 651 | 4 | _aUnited Kingdom | |
| 690 |
_aCommercial property _96227 |
||
| 690 |
_aResidential property _96266 |
||
| 856 | 4 | 0 |
_uhttps://www.colliers.com/en-GB/UK/insights/research-the-market _zView the report at www.colliers.com |
| 942 | _n0 | ||
| 999 |
_c119413 _d119413 |
||